Postcards 5 (Registro nro. 9827)
[ vista simple ]
| 000 -CABECERA | |
|---|---|
| campo de control de longitud fija | 00639aam a2200253 4500 |
| 005 - FECHA Y HORA DE ACTUALIZACIÓN | |
| campo de control | 20220721194355.0 |
| 008 - LONGITUD FIJA | |
| campo de control de longitud fija | 150603b xxu||||| |||| 00| 0 spa d |
| 041 ## - IDIOMA | |
| Código de idioma del texto/pista de sonido o título separado | |
| 082 ## - CLASIFICACIÓN DECIMAL DEWEY | |
| Número de clasificación | 428.3 A134p |
| 100 ## - AUTOR PERSONAL | |
| Nombre de persona | Abbs, Brian |
| 100 ## - AUTOR PERSONAL | |
| Nombre de persona | Barker, Chris |
| 100 ## - AUTOR PERSONAL | |
| Nombre de persona | Freebairn, Ingrid |
| 100 ## - AUTOR PERSONAL | |
| Nombre de persona | Reilly, Astela |
| 245 ## - TÍTULO PROPIAMENTE DICHO | |
| Título | Postcards 5 |
| 260 ## - PIE DE IMPRENTA | |
| Lugar de publicación, distribución, etc. | Estados Unidos |
| 260 ## - PIE DE IMPRENTA | |
| Nombre del editor, distribuidor, etc. | Longman |
| 260 ## - PIE DE IMPRENTA | |
| Fecha de publicación, distribución, etc. | 2004 |
| 300 ## - DESCRIPCIÓN FÍSICA | |
| Extensión | 115 páginas |
| 505 ## - Nota de Contenido | |
| Nota de contenido | Contiene disco compacto N° 151 |
| 650 ## - Materia General | |
| Materia general | INGLÉS |
| 650 ## - Materia General | |
| Materia general | ENSEÑANZA |
| 650 ## - Materia General | |
| Materia general | PRESENTACIÓN |
| 942 ## - Punto de Acceso Adicional Koha | |
| Tipo de ítem Koha | Libro |
| Estado perdido | Estado dañado | No para préstamo | Biblioteca permanente | Biblioteca actual | Signatura completa | Código de barras | Precio efectivo a partir del | Tipo de ítem | Estado retirado | Fuente de clasificación o esquema de estantería |
|---|---|---|---|---|---|---|---|---|---|---|
| Departamento de Biblioteca y Documentación Alfonso Chase Brenes | Departamento de Biblioteca y Documentación Alfonso Chase Brenes | 428.3 A134p | 15626 | 01/09/2017 | Libro | |||||
| Dañado | Departamento de Biblioteca y Documentación Alfonso Chase Brenes | Departamento de Biblioteca y Documentación Alfonso Chase Brenes | 428.3 A134p | 151DC | Audio | Retirado | Dewey Decimal Classification |